Footwear Corporation Ltd v Amplight Properties Ltd (Record no. 54955)
[ view plain ]
| 000 -LEADER | |
|---|---|
| fixed length control field | 01714cab a2200289 4500 |
| 001 - CONTROL NUMBER | |
| control field | ABS58921 |
| 008 - FIXED-LENGTH DATA ELEMENTS--GENERAL INFORMATION | |
| fixed length control field | 090401t1998 xxu||||| |||| 00| 0 eng d |
| 035 ## - SYSTEM CONTROL NUMBER | |
| System control number | (Sirsi) u87171 |
| 041 ## - LANGUAGE CODE | |
| Language code of text/sound track or separate title | eng |
| 245 ## - TITLE STATEMENT | |
| Title | Footwear Corporation Ltd v Amplight Properties Ltd |
| 260 ## - PUBLICATION, DISTRIBUTION, ETC. | |
| Date of publication, distribution, etc. | 1998 |
| 350 ## - PRICE (NR) (BK AM CF MU VM SE) [OBSOLETE] | |
| Price | 0 |
| 490 ## - SERIES STATEMENT | |
| Series statement | Estates Gazette |
| Volume/sequential designation | (1998) 25 EG 171-177(7) |
| 520 ## - SUMMARY, ETC. | |
| Summary, etc. | ChD 23 March 1998. F held a lease of business premises which included a provision not to underlet without the prior consent of the landlord., such consent not to be unreasonably withheld or delayed. In November 1997 F wrote to A requesting consent to sublet and, enclosed accounts for the proposed assignee. A advised F by telephone later that month that consent would not be forthcoming and following a period of `without prejudice` discussions continued to withhold consent. F commenced proceedings to obtain a declaration of unreasonably withholding of landlord`s licence to underlet. "Held" if a landlord does not provide his reasons for refusing consent in writing within a reasonable time then he cannot rely on those reasons in court for justifying his withholding of consent. A failed to reply to the request to underlet within a reasonable time in writing. F was granted the delaration. |
| 650 ## - SUBJECT ADDED ENTRY--TOPICAL TERM | |
| Topical term or geographic name entry element | CONSENT TO SUBLET |
| 650 ## - SUBJECT ADDED ENTRY--TOPICAL TERM | |
| Topical term or geographic name entry element | DIMINUTION IN VALUE |
| 650 ## - SUBJECT ADDED ENTRY--TOPICAL TERM | |
| Topical term or geographic name entry element | KENED LTD V CONNIE INVESTMENTS LTD |
| 650 ## - SUBJECT ADDED ENTRY--TOPICAL TERM | |
| Topical term or geographic name entry element | LANDLORD AND TENANT ACT 1988 |
| 650 ## - SUBJECT ADDED ENTRY--TOPICAL TERM | |
| Topical term or geographic name entry element | NORWICH UNION LIFE INSURANCE SOCIETY V SHOPMOOR LTD |
| 650 ## - SUBJECT ADDED ENTRY--TOPICAL TERM | |
| Topical term or geographic name entry element | PROFITS TEST |
| 650 ## - SUBJECT ADDED ENTRY--TOPICAL TERM | |
| Topical term or geographic name entry element | REASONABLE TIME |
| 650 ## - SUBJECT ADDED ENTRY--TOPICAL TERM | |
| Topical term or geographic name entry element | REASONS IN WRITING |
| 650 ## - SUBJECT ADDED ENTRY--TOPICAL TERM | |
| Topical term or geographic name entry element | USE |
| 690 ## - LOCAL SUBJECT ADDED ENTRY--TOPICAL TERM (OCLC, RLIN) | |
| Topical term or geographic name as entry element | LANDLORD AND TENANT-CASE LAW-BUSINESS TENANCIES |
| 942 ## - ADDED ENTRY ELEMENTS (KOHA) | |
| Suppress in OPAC | 0 |
| 948 ## - LOCAL PROCESSING INFORMATION (OCLC); SERIES PART DESIGNATOR (RLIN) | |
| c (OCLC) | 02/07/1998 |
| Withdrawn status | Lost status | Source of classification or shelving scheme | Damaged status | Not for loan | Home library | Current library | Shelving location | Date acquired | Total Checkouts | Full call number | Barcode | Date last seen | Copy number | Price effective from | Koha item type |
|---|---|---|---|---|---|---|---|---|---|---|---|---|---|---|---|
| Dewey Decimal Classification | London | London | Journal article | 14/09/1999 | ABS58921 | 87171-1001 | 06/08/2019 | 1 | 06/08/2019 | Law report |